[Event "24th ch-EUR Indiv w 2024"]
[Site "Rhodes GRE"]
[Date "2024.04.19"]
[Round "1.22"]
[White "Hoang, Thanh Trang"]
[Black "Mgeladze, Kesaria"]
[Result "1/2-1/2"]
[WhiteTitle "GM"]
[BlackTitle "WFM"]
[WhiteElo "2382"]
[BlackElo "2094"]
[WhiteFideId "12400149"]
[BlackFideId "13621130"]
[EventDate "2024.04.19"]

1. d4 Nf6 2. Nf3 g6 3. g3 Bg7 4. Bg2 O-O 5. O-O d6 6. a4 Nc6 7. Re1 e5 8. d5 Nb4
9. e4 c6 10. c3 Na6 11. Na3 Nc5 12. Nh4 cxd5 13. exd5 Bg4 14. f3 Bd7 15. Nc4 b5
16. axb5 Bxb5 17. Bf1 Qd7 18. Na5 Bxf1 19. Rxf1 Nb7 20. Nc6 Nd8 21. Ra6 Nxc6 22.
dxc6 Qc7 23. Be3 d5 24. Qa4 d4 25. cxd4 Nd5 26. Bf2 Nb6 27. Qb5 exd4 28. Rc1
Rfd8 29. f4 Rd5 30. Qd3 Rd6 31. Qb5 Rc8 32. Nf3 Rxc6 33. Rxc6 Qxc6 34. Qxc6 Rxc6
35. Nxd4 Rc1+ 36. Kg2 Rc4 37. Nb5 Bxb2 38. Rxa7 Nc8 39. Rb7 Rb4 40. Bc5 Rb3 41.
Kf2 h5 42. Ke2 Bf6 43. Kd2 Ne7 44. Rb6 Nd5 45. Rb8+ Kg7 46. Bd6 Rb2+ 47. Kd3
Rxh2 48. Bf8+ Kh7 49. Ke4 Nc3+ 50. Nxc3 Bxc3 51. Rb7 Kg8 52. Rb8 Bg7 53. Bd6+
Kh7 54. Rb7 Re2+ 55. Kf3 Re6 56. Bb4 Rf6 57. Ke4 Bh6 58. Bc3 Rf5 59. Be5 Bg7 60.
Bd6 Rf6 1/2-1/2

[Event "24th ch-EUR Indiv w 2024"]
[Site "Rhodes GRE"]
[Date "2024.04.19"]
[Round "1.23"]
[White "Abdinova, Narmin"]
[Black "Daulyte-Cornette, Deimante"]
[Result "0-1"]
[BlackTitle "IM"]
[WhiteElo "2087"]
[BlackElo "2381"]
[WhiteFideId "13425340"]
[BlackFideId "12802859"]
[EventDate "2024.04.19"]

1. c4 c5 2. Nc3 Nf6 3. g3 e6 4. Bg2 d5 5. Qb3 Nc6 6. cxd5 Nd4 7. Qa4+ b5 8. Qd1
exd5 9. e3 Nc6 10. d4 b4 11. Nce2 c4 12. Nf4 Be7 13. Nf3 O-O 14. Ne5 Bb7 15. O-O
Qd6 16. Ng4 Ne4 17. f3 Nf6 18. Nf2 Rfd8 19. h4 a5 20. g4 h6 21. Nh1 Nh7 22. Ng3
Bc8 23. h5 Bh4 24. Nge2 Ra7 25. e4 dxe4 26. fxe4 Bxg4 27. Be3 Rad7 28. Qc2 Bg5
29. Rad1 Qe7 30. d5 Ne5 31. Bb6 Rb8 32. d6 Rxd6 33. Bc5 Rd2 34. Qxd2 Qxc5+ 35.
Qd4 Qxd4+ 36. Rxd4 Bxe2 37. Nxe2 Be3+ 38. Kh1 Bxd4 39. Nxd4 Rd8 40. Nf3 Nd3 41.
e5 Nxb2 42. e6 fxe6 43. Bh3 Nf8 44. Ne5 c3 45. Nc6 Rd1 46. Nxa5 c2 47. Nb3 Nd3 0-1

[Event "24th ch-EUR Indiv w 2024"]
[Site "Rhodes GRE"]
[Date "2024.04.19"]
[Round "1.24"]
[White "Fataliyeva, Ulviyya"]
[Black "Kochavi, Dana"]
[Result "1-0"]
[WhiteTitle "IM"]
[BlackTitle "WFM"]
[WhiteElo "2377"]
[BlackElo "2084"]
[WhiteFideId "13403052"]
[BlackFideId "2837137"]
[EventDate "2024.04.19"]

1. c4 e6 2. Nf3 d5 3. g3 Nf6 4. Bg2 dxc4 5. Qa4+ Nbd7 6. Qxc4 a6 7. Qc2 c5 8.
O-O Be7 9. b3 O-O 10. Bb2 Nd5 11. Nc3 b5 12. Nxd5 exd5 13. d4 c4 14. bxc4 bxc4
15. Ne5 Bb7 16. Rab1 Qc7 17. Rfd1 Nb6 18. Bc3 a5 19. Rb5 f6 20. Qb1 Ra6 21. Ng4
Bc6 22. Rxa5 Na4 23. Rxa6 Nxc3 24. Qb6 Qxb6 25. Rxb6 Nxd1 26. Rxc6 Nc3 27. Ne3
Rd8 28. Bf3 g6 29. a4 f5 30. a5 Bg5 31. Nc2 Ne4 32. a6 Be7 33. Rc7 Kf8 34. Ne3
Kf7 35. a7 Ke6 36. Bxe4 fxe4 37. Nxd5 Kxd5 38. Rd7+ Rxd7 39. a8=Q+ Kxd4 40. Qa1+
Kd5 41. Qa8+ Kd4 42. Qc6 Ra7 43. e3+ Kc3 44. Qxe4 Kb3 45. Qb1+ Kc3 46. Qc1+ Kb3
47. Qd1+ Kb2 48. Qd4+ c3 49. Qxa7 c2 50. Qxe7 c1=Q+ 51. Kg2 Qc6+ 52. e4 Kc2 53.
Qe5 h5 54. Qd5 1-0

[Event "24th ch-EUR Indiv w 2024"]
[Site "Rhodes GRE"]
[Date "2024.04.19"]
[Round "1.25"]
[White "Tsirulnik, Maritsa"]
[Black "Hejazipour, Mitra"]
[Result "1/2-1/2"]
[BlackTitle "WGM"]
[WhiteElo "2082"]
[BlackElo "2376"]
[WhiteFideId "14118688"]
[BlackFideId "12505951"]
[EventDate "2024.04.19"]

1. d4 d5 2. c4 e6 3. Nf3 c6 4. Qc2 Nf6 5. g3 Nbd7 6. Bg2 Bb4+ 7. Bd2 Be7 8. O-O
b6 9. cxd5 cxd5 10. Bf4 Ba6 11. Nc3 O-O 12. Qa4 Qc8 13. Rfc1 Qb7 14. Nb5 Bxb5
15. Qxb5 Rfc8 16. Qd3 Nh5 17. Ng5 Ndf6 18. Bd2 h6 19. Nf3 Ne4 20. Ne5 Nxd2 21.
Qxd2 Nf6 22. Rxc8+ Rxc8 23. Rc1 Bd6 24. Nd3 Kf8 25. Rxc8+ Qxc8 26. Qc1 Qc4 27.
Qxc4 dxc4 28. Ne1 e5 29. e3 Ke7 1/2-1/2

[Event "24th ch-EUR Indiv w 2024"]
[Site "Rhodes GRE"]
[Date "2024.04.19"]
[Round "1.26"]
[White "Balajayeva, Khanim"]
[Black "Paasikangas, Johanna"]
[Result "1-0"]
[WhiteTitle "IM"]
[BlackTitle "FM"]
[WhiteElo "2371"]
[BlackElo "2080"]
[WhiteFideId "13406396"]
[BlackFideId "500879"]
[EventDate "2024.04.19"]

1. e4 c5 2. Nf3 d6 3. Bb5+ Nc6 4. O-O Bd7 5. Re1 Nf6 6. h3 e6 7. c3 a6 8. Bf1
Be7 9. d4 cxd4 10. cxd4 d5 11. e5 Ne4 12. Nc3 Nxc3 13. bxc3 O-O 14. Bd3 Na5 15.
Qc2 g6 16. Bh6 Re8 17. Qd2 Bb5 18. Bxb5 axb5 19. Ng5 Ra6 20. Rab1 Rb6 21. Qf4 f5
22. exf6 Bxf6 23. a4 Bxg5 24. Bxg5 Qd7 25. Rxb5 Rxb5 26. axb5 Qxb5 27. Qc7 Nc6
28. Bf6 1-0

[Event "24th ch-EUR Indiv w 2024"]
[Site "Rhodes GRE"]
[Date "2024.04.19"]
[Round "1.27"]
[White "Belluire, Beatrice"]
[Black "Yao, Lan"]
[Result "1/2-1/2"]
[BlackTitle "WGM"]
[WhiteElo "2070"]
[BlackElo "2370"]
[WhiteFideId "26017296"]
[BlackFideId "8610835"]
[EventDate "2024.04.19"]

1. e4 c5 2. Nf3 e6 3. d4 cxd4 4. Nxd4 Nc6 5. Nc3 Qc7 6. Be3 a6 7. a3 b5 8. Nxc6
Qxc6 9. h4 Bb7 10. h5 h6 11. Rh3 Nf6 12. e5 Ne4 13. Nxe4 Qxe4 14. Qf3 Qxf3 15.
gxf3 Rc8 16. Bd3 Bc5 17. Ke2 f5 18. Rg1 Bxe3 19. fxe3 O-O 20. Rhg3 Rf7 21. f4
Bd5 22. Rg6 Kf8 23. R6g3 d6 24. exd6 Rd8 25. a4 Bc6 26. axb5 axb5 27. Ra1 Rxd6
28. Ra5 Rfd7 29. Rg1 b4 30. b3 Bd5 31. Rd1 Kf7 32. Rb5 Rb7 33. Rxb7+ Bxb7 34.
Rg1 Bd5 35. Bb5 Rb6 36. Bd3 Rb7 37. Bc4 Be4 38. Bd3 Bc6 39. Bc4 Be8 40. Rg6 Kf8
41. Rxe6 Bxh5+ 42. Kf2 Be8 43. Re5 g6 44. Re6 Bf7 45. Rc6 Bxc4 46. Rxc4 Kg7 47.
Rc5 Rb6 48. Kf3 Kf6 49. e4 fxe4+ 50. Kxe4 h5 51. Kf3 Kg7 52. Rc7+ Kf6 53. Rc5
Kg7 54. Rc7+ Kf6 55. Ke4 1/2-1/2

[Event "24th ch-EUR Indiv w 2024"]
[Site "Rhodes GRE"]
[Date "2024.04.19"]
[Round "1.28"]
[White "Roebers, Eline"]
[Black "Tashkinova, Sofiia"]
[Result "1-0"]
[WhiteTitle "IM"]
[WhiteElo "2367"]
[BlackElo "2066"]
[WhiteFideId "1058401"]
[BlackFideId "14188309"]
[EventDate "2024.04.19"]

1. e4 e6 2. d4 d5 3. Nc3 Nf6 4. e5 Nfd7 5. f4 c5 6. Nf3 Nc6 7. Be3 Qb6 8. Na4
Qa5+ 9. c3 cxd4 10. b4 Nxb4 11. cxb4 Bxb4+ 12. Bd2 Bxd2+ 13. Nxd2 b5 14. Nb2 Nb6
15. a4 Bd7 16. axb5 Qc3 17. Qb3 O-O 18. Rb1 f6 19. Bd3 fxe5 20. fxe5 Be8 21. Nd1
Qc7 22. Nf3 Bh5 23. O-O Bxf3 24. gxf3 Qxe5 25. Rb2 Rac8 26. Re2 Qf6 27. f4 Nc4
28. Qb1 Qh6 29. Ref2 Rf6 30. Qa1 Ne3 31. Nxe3 dxe3 32. Rf3 Rcf8 33. Qe5 Qh4 34.
Qxe3 h6 35. Rh3 Qg4+ 36. Rg3 Qh4 37. Qxa7 R6f7 38. Qd4 g5 39. Qe5 Rxf4 40. Qxe6+
R8f7 41. Rc1 Rf6 42. Qxd5 Qa4 43. Rc8+ Kg7 44. Rxg5+ hxg5 45. Qxg5+ 1-0

[Event "24th ch-EUR Indiv w 2024"]
[Site "Rhodes GRE"]
[Date "2024.04.19"]
[Round "1.29"]
[White "Sivanandan, Bodhana"]
[Black "Mkrtchian, Lilit"]
[Result "1/2-1/2"]
[WhiteTitle "WCM"]
[BlackTitle "IM"]
[WhiteElo "2065"]
[BlackElo "2366"]
[WhiteFideId "497592"]
[BlackFideId "13300601"]
[EventDate "2024.04.19"]

1. e4 e6 2. d4 d5 3. Nd2 h6 4. g3 Nf6 5. Bg2 c5 6. exd5 exd5 7. Ne2 Nc6 8. O-O
cxd4 9. Nf3 Bc5 10. Nexd4 O-O 11. h3 Re8 12. c3 Ne4 13. Re1 Qb6 14. Re2 Bd7 15.
Be3 Rac8 16. Qb3 Qxb3 17. axb3 Bb6 18. b4 Nd6 19. Nxc6 Bxc6 20. Ree1 Bxe3 21.
Rxe3 Rxe3 22. fxe3 Nc4 23. Kf2 Nxb2 24. Nd4 Be8 25. Bxd5 b6 26. Rxa7 Nd1+ 27.
Kf3 Rxc3 28. Re7 Kf8 29. Re4 Rc1 30. Re5 Nb2 31. Ke2 Na4 32. Kd2 Rg1 33. g4 Rg3
34. Nf5 Rxh3 35. Nd6 Rh2+ 36. Kd3 Bd7 37. Bxf7 g5 38. Be6 Bc6 39. Nc4 b5 40. Na5
Nb2+ 41. Kd4 Be8 42. Bf5 Na4 43. Re4 Re2 44. Re6 h5 45. gxh5 Bxh5 46. Rh6 Bf7
47. e4 Kg7 48. Rh7+ Kf6 49. Rh6+ Kg7 50. Rh7+ Kf6 51. Rh6+ 1/2-1/2

[Event "24th ch-EUR Indiv w 2024"]
[Site "Rhodes GRE"]
[Date "2024.04.19"]
[Round "1.30"]
[White "Matnadze Bujiashvili, Ann"]
[Black "Kakulidis, Ellen"]
[Result "1-0"]
[WhiteTitle "IM"]
[BlackTitle "WFM"]
[WhiteElo "2365"]
[BlackElo "2062"]
[WhiteFideId "13601377"]
[BlackFideId "1444972"]
[EventDate "2024.04.19"]

1. d4 d5 2. Nf3 Nf6 3. g3 c6 4. Bg2 h6 5. O-O Bf5 6. c4 e6 7. Nc3 Be7 8. Qb3 Qb6
9. c5 Qxb3 10. axb3 O-O 11. b4 a6 12. Nd2 Nbd7 13. Nb3 e5 14. dxe5 Nxe5 15. Bf4
Ng6 16. Bc7 Bd8 17. Bd6 Be7 18. Nd4 Bd7 19. Bxe7 Nxe7 20. Rfd1 Rad8 21. h3 Rfe8
22. g4 Ng6 23. e3 Nh4 24. Re1 h5 25. f3 hxg4 26. hxg4 Ng6 27. Kf2 Ne5 28. Bf1
Bc8 29. Be2 g6 30. Rg1 Kg7 31. g5 Nh7 32. f4 Nc4 33. Bxc4 dxc4 34. Rad1 f5 35.
gxf6+ Nxf6 36. f5 Nd5 37. Rxg6+ Kf7 38. Rdg1 Nxb4 39. Rg7+ Kf8 40. Rg8+ Kf7 41.
R8g7+ Kf8 42. Kf3 Nd3 43. Rg8+ Kf7 44. R1g7+ Kf6 45. Ne4+ Ke5 46. Rxe8+ Rxe8 47.
Nd6 Rf8 48. Rc7 Bxf5 49. N6xf5 Rxf5+ 50. Nxf5 Kxf5 51. Rxb7 Nxc5 52. Rb6 Nd3 53.
Rxa6 Nxb2 54. Rxc6 Ke5 55. Rb6 Nd3 56. Rb5+ Kd6 57. Ke4 Kc6 58. Rh5 Nb4 59. Re5
Kb6 60. Re8 Kb5 61. Kd4 Nc6+ 62. Kc3 Kc5 63. Re4 Na5 64. Re5+ Kb6 65. Rxa5 Kxa5
66. Kxc4 Kb6 67. Kd5 1-0

[Event "24th ch-EUR Indiv w 2024"]
[Site "Rhodes GRE"]
[Date "2024.04.19"]
[Round "1.31"]
[White "Stojkovska, Monika"]
[Black "Guichard, Pauline"]
[Result "0-1"]
[WhiteTitle "WFM"]
[BlackTitle "IM"]
[WhiteElo "2057"]
[BlackElo "2362"]
[WhiteFideId "15002594"]
[BlackFideId "639370"]
[EventDate "2024.04.19"]

1. e4 e5 2. Nf3 Nc6 3. Nc3 Nf6 4. Bb5 Bc5 5. O-O O-O 6. Nxe5 Nxe5 7. d4 Bd6 8.
f4 Neg4 9. e5 Be7 10. f5 c5 11. exf6 Nxf6 12. d5 d6 13. a4 a6 14. Bc4 Bd7 15. a5
b5 16. axb6 Qxb6 17. Qf3 Bb5 18. Bxb5 axb5 19. Rxa8 Rxa8 20. Bg5 b4 21. Bxf6
Bxf6 22. Ne4 Bd4+ 23. Kh1 f6 24. b3 Ra2 25. Nd2 Qa7 26. Qe4 Be5 27. Nc4 Ra1 28.
Rg1 h6 29. g3 Kf8 30. Rxa1 Qxa1+ 31. Kg2 Qd1 32. Nb6 Qd2+ 33. Kh3 Qf2 34. Nd7+
Kg8 35. Nxe5 fxe5 36. g4 Kf7 37. Qd3 Kf6 38. Qg3 Qf1+ 39. Kh4 Qf4 40. Kh3 Qf1+
41. Kh4 Qc1 42. Kh3 Qxc2 43. Qh4+ Kf7 44. Qd8 Qxb3+ 45. Kh4 Qxd5 46. Qd7+ Kg8
47. Qe8+ Kh7 48. Qg6+ Kh8 49. f6 gxf6 50. Qxf6+ Kh7 51. Qf5+ Kg7 52. g5 Qc4+ 53.
Kh3 Qc3+ 54. Kg2 Qd2+ 55. Kh3 Qe3+ 0-1

[Event "24th ch-EUR Indiv w 2024"]
[Site "Rhodes GRE"]
[Date "2024.04.19"]
[Round "1.32"]
[White "Gaal, Zsoka"]
[Black "Jimenez Fernandez, Rebeca"]
[Result "1-0"]
[WhiteTitle "WIM"]
[BlackTitle "WFM"]
[WhiteElo "2356"]
[BlackElo "2055"]
[WhiteFideId "777765"]
[BlackFideId "32070934"]
[EventDate "2024.04.19"]

1. Nf3 d5 2. g3 Nf6 3. Bg2 e6 4. O-O Be7 5. d4 O-O 6. c4 c6 7. Qc2 b6 8. Rd1 Ba6
9. b3 Nbd7 10. Nbd2 Rc8 11. e4 dxe4 12. Nxe4 Nxe4 13. Qxe4 Bf6 14. Ba3 Re8 15.
Ne5 Bb7 16. b4 Qc7 17. Bb2 Ba8 18. Nxd7 Qxd7 19. Qe2 Qe7 20. a3 Red8 21. c5 Rd7
22. Rac1 Qd8 23. Qg4 a5 24. Ba1 axb4 25. axb4 Ra7 26. h4 Bb7 27. b5 cxb5 28. c6
Ba8 29. d5 Bxa1 30. dxe6 Qf8 31. Rxa1 Rxa1 32. exf7+ Kh8 33. Rxa1 Bxc6 34. Qxc8
Qxc8 35. Bxc6 1-0

[Event "24th ch-EUR Indiv w 2024"]
[Site "Rhodes GRE"]
[Date "2024.04.19"]
[Round "1.33"]
[White "Deak-Sala, Emilia"]
[Black "Mkrtchyan, Mariam"]
[Result "1/2-1/2"]
[BlackTitle "WIM"]
[WhiteElo "2053"]
[BlackElo "2354"]
[WhiteFideId "795615"]
[BlackFideId "13310828"]
[EventDate "2024.04.19"]

1. e4 e5 2. Nf3 Nc6 3. Bc4 Nf6 4. d3 Bc5 5. c3 d6 6. b4 Bb6 7. a4 a5 8. b5 Ne7
9. O-O O-O 10. h3 Ng6 11. Be3 c6 12. Na3 d5 13. Bxb6 Qxb6 14. exd5 cxd5 15. Bb3
Be6 16. d4 e4 17. Ne5 Rfd8 18. Nxg6 hxg6 19. Qd2 Rac8 20. Rac1 Rc7 21. Nc2 Qd6
22. Ne3 Qa3 23. Rb1 Nh5 24. Rfc1 Qd6 25. c4 dxc4 26. Bxc4 Qxd4 27. Qxd4 Rxd4 28.
Bxe6 Rxc1+ 29. Rxc1 fxe6 30. Rc4 Nf4 31. Rxd4 Ne2+ 32. Kf1 Nxd4 33. Nc4 Nb3 34.
Ke2 Nc5 1/2-1/2

[Event "24th ch-EUR Indiv w 2024"]
[Site "Rhodes GRE"]
[Date "2024.04.19"]
[Round "1.34"]
[White "Brunello, Marina"]
[Black "Zvereva, Marija"]
[Result "1-0"]
[WhiteTitle "IM"]
[BlackTitle "WIM"]
[WhiteElo "2353"]
[BlackElo "2049"]
[WhiteFideId "822590"]
[BlackFideId "4121082"]
[EventDate "2024.04.19"]

1. e4 c5 2. Nf3 Nc6 3. d4 cxd4 4. Nxd4 e5 5. Nb5 d6 6. c4 f5 7. exf5 Bxf5 8. Bd3
Be6 9. O-O a6 10. N5c3 Nf6 11. Be3 Be7 12. Nd2 O-O 13. a3 Rc8 14. b4 Ng4 15. Be4
Nxe3 16. fxe3 Bg5 17. Rxf8+ Qxf8 18. Qe2 Ne7 19. Rf1 Qd8 20. Bxb7 Qb6 21. Bxc8
Qxe3+ 22. Qxe3 Bxe3+ 23. Kh1 Nxc8 24. Nce4 Ne7 25. Rf3 Bh6 26. Rd3 Nf5 27. Nxd6
Nd4 28. b5 axb5 29. cxb5 Nc2 30. b6 1-0

[Event "24th ch-EUR Indiv w 2024"]
[Site "Rhodes GRE"]
[Date "2024.04.19"]
[Round "1.36"]
[White "Zawadzka, Jolanta"]
[Black "Kirtadze, Anastasia"]
[Result "1-0"]
[WhiteTitle "WGM"]
[BlackTitle "WFM"]
[WhiteElo "2351"]
[BlackElo "2044"]
[WhiteFideId "1122320"]
[BlackFideId "13622714"]
[EventDate "2024.04.19"]

1. c4 c5 2. Nf3 Nc6 3. d4 cxd4 4. Nxd4 d5 5. Nc3 dxc4 6. Nxc6 Qxd1+ 7. Nxd1 bxc6
8. e4 Nf6 9. f3 e5 10. Bxc4 Bc5 11. Be3 Bb6 12. Rc1 Ke7 13. Ke2 Rd8 14. b3 Rd6
15. Bd3 Nd7 16. Nb2 Bb7 17. Nc4 Rg6 18. g4 Rd8 19. a4 Re6 20. Rhd1 Bd4 21. Na5
Ba8 22. h4 Bb6 23. Nc4 Rb8 24. Nxb6 axb6 25. Bc4 Nf8 26. Bxe6 Nxe6 27. b4 Bb7
28. Kf2 Ra8 29. Bxb6 Rxa4 30. Bc5+ Nxc5 31. Rxc5 Rxb4 32. Rxe5+ Kf6 33. Re8 Kg6
34. h5+ Kh6 35. Rd7 Ba6 36. Rxf7 Bc4 37. Rc7 Rb6 38. Rec8 Bb5 39. Kg3 Ra6 40.
Kh4 g5+ 41. hxg6 Kxg6 42. g5 1-0

[Event "24th ch-EUR Indiv w 2024"]
[Site "Rhodes GRE"]
[Date "2024.04.19"]
[Round "1.37"]
[White "Pirvulescu, Ekaterina"]
[Black "Garcia Martin, Marta"]
[Result "0-1"]
[WhiteTitle "WFM"]
[BlackTitle "IM"]
[WhiteElo "2044"]
[BlackElo "2349"]
[WhiteFideId "13506374"]
[BlackFideId "32084030"]
[EventDate "2024.04.19"]

1. e4 g6 2. d4 Bg7 3. Nc3 d6 4. Be3 a6 5. h4 h6 6. Qd2 b5 7. O-O-O Bb7 8. f3 Nd7
9. g4 Ngf6 10. Nh3 Nb6 11. Rg1 b4 12. Nb1 a5 13. Bb5+ Nfd7 14. Nf2 c6 15. Be2
Qc7 16. f4 c5 17. Bb5 Bc6 18. Qe2 cxd4 19. Bxd4 Bxb5 20. Qxb5 Rc8 21. c3 Bxd4
22. Rxd4 Nc4 23. h5 bxc3 24. b3 Nd2 25. Qd3 Nc5 26. Qc2 Nf3 27. Rgd1 Nxd4 28.
Rxd4 gxh5 29. gxh5 Rg8 30. Rc4 Rg1+ 31. Nd1 a4 32. Rxc3 axb3 33. axb3 Qb7 34.
Nd2 Ra8 35. Kb1 Qa7 0-1

[Event "24th ch-EUR Indiv w 2024"]
[Site "Rhodes GRE"]
[Date "2024.04.19"]
[Round "1.38"]
[White "Kulon, Klaudia"]
[Black "Rzali, Sabina"]
[Result "1-0"]
[WhiteTitle "IM"]
[BlackTitle "WCM"]
[WhiteElo "2348"]
[BlackElo "2039"]
[WhiteFideId "1131044"]
[BlackFideId "13410920"]
[EventDate "2024.04.19"]

1. Nf3 d5 2. g3 Nf6 3. Bg2 e6 4. O-O Be7 5. b3 c5 6. Bb2 O-O 7. e3 b6 8. d4 Bb7
9. Nbd2 Nbd7 10. Qe2 Rc8 11. Rac1 Qc7 12. c4 Rfd8 13. Rfd1 Bd6 14. dxc5 bxc5 15.
cxd5 exd5 16. Nd4 Qb6 17. Nf5 Bf8 18. g4 Ba6 19. Qf3 Bd3 20. Ng3 Qa6 21. a3 h6
22. h4 c4 23. g5 hxg5 24. hxg5 Nh7 25. Qxd5 Nc5 26. Qe5 Nxb3 27. Nxb3 cxb3 28.
Rxc8 Rxc8 29. Nf5 Bxf5 30. Qxf5 Rc5 31. Bd5 Rxd5 32. Rxd5 Qe2 33. Qe5 Qg4+ 34.
Kf1 f6 35. gxf6 Nxf6 36. Rd4 Qh3+ 37. Ke2 Qc8 38. Qb5 Qe6 39. Qc4 Qxc4+ 40. Rxc4
Nd5 41. e4 Nb6 42. Rc3 Na4 43. Rxb3 Nxb2 44. Rxb2 Bxa3 45. Rb5 Bd6 46. Ra5 Bb8
47. e5 Bc7 48. Rd5 Bb6 49. f4 Kf8 50. Kd3 Ke7 51. Ke4 Ke6 52. Rd6+ Ke7 53. Kd5
Be3 54. f5 Bf2 55. e6 Bb6 56. Rd7+ Kf8 57. Rf7+ Kg8 58. Rb7 Bf2 59. Rb8+ 1-0

[Event "24th ch-EUR Indiv w 2024"]
[Site "Rhodes GRE"]
[Date "2024.04.19"]
[Round "1.39"]
[White "Donghvani, Nia"]
[Black "Houska, Jovanka"]
[Result "1-0"]
[BlackTitle "IM"]
[WhiteElo "2028"]
[BlackElo "2340"]
[WhiteFideId "13614649"]
[BlackFideId "405094"]
[EventDate "2024.04.19"]

1. e4 c6 2. d4 d5 3. e5 Bf5 4. h4 h5 5. Bd3 Bxd3 6. Qxd3 e6 7. Nf3 Ne7 8. Bg5
Qd7 9. Nbd2 Nf5 10. O-O Na6 11. Nb3 Be7 12. g3 Rc8 13. c3 c5 14. Bxe7 Qxe7 15.
Qb5+ Qd7 16. a4 c4 17. Na5 Rc7 18. b3 Nb8 19. bxc4 dxc4 20. Nd2 O-O 21. Rab1 b6
22. Naxc4 Rfc8 23. Nd6 Nxd6 24. exd6 Qxb5 25. axb5 Rxc3 26. Kg2 Nd7 27. Ra1 Nf6
28. Rxa7 Rd8 29. Nf3 Rxd6 30. Ng5 Rc8 31. Nxf7 Rxd4 32. Ng5 e5 33. Rc1 Rdd8 34.
Rxc8 Rxc8 35. Rb7 Nd5 36. Ne6 g6 37. Rg7+ Kh8 38. Rxg6 Rc2 39. Rh6+ Kg8 40. Rxh5
Ne3+ 41. Kf3 Nd1 42. Rxe5 Rxf2+ 43. Kg4 Rb2 44. Ng5 Rb3 45. Kf5 Kg7 46. Re7+ Kf8
47. Kf6 Nf2 48. Ne6+ 1-0

[Event "24th ch-EUR Indiv w 2024"]
[Site "Rhodes GRE"]
[Date "2024.04.19"]
[Round "1.40"]
[White "Gaponenko, Inna"]
[Black "Szente Varga, Fruzsina"]
[Result "1-0"]
[WhiteTitle "IM"]
[BlackTitle "WFM"]
[WhiteElo "2332"]
[BlackElo "2025"]
[WhiteFideId "14101181"]
[BlackFideId "712264"]
[EventDate "2024.04.19"]

1. e4 c5 2. Nf3 Nc6 3. d4 cxd4 4. Nxd4 g6 5. Nc3 Bg7 6. Be3 Nf6 7. Bc4 O-O 8.
Bb3 Re8 9. f3 e6 10. f4 d6 11. Ndb5 Bf8 12. Qf3 a6 13. Nd4 Na5 14. O-O b5 15. f5
exf5 16. exf5 Bb7 17. Bxf7+ Kxf7 18. fxg6+ hxg6 19. Qh3 Rxe3 20. Qxe3 Qd7 21.
Qg5 Bg7 22. Nd5 Qd8 23. Rxf6+ Bxf6 24. Rf1 1-0

[Event "24th ch-EUR Indiv w 2024"]
[Site "Rhodes GRE"]
[Date "2024.04.19"]
[Round "1.41"]
[White "Valkova, Angelika"]
[Black "Savina, Anastasia"]
[Result "1/2-1/2"]
[BlackTitle "IM"]
[WhiteElo "2009"]
[BlackElo "2330"]
[WhiteFideId "14129272"]
[BlackFideId "4196872"]
[EventDate "2024.04.19"]

1. d4 Nf6 2. c4 g6 3. Nc3 Bg7 4. e4 d6 5. h3 e5 6. dxe5 dxe5 7. Qxd8+ Kxd8 8.
Nf3 Nc6 9. Be3 Be6 10. O-O-O+ Nd7 11. g4 Kc8 12. Be2 b6 13. Ng5 Nd4 14. Nxe6
fxe6 15. f4 Nxe2+ 16. Nxe2 exf4 17. Nxf4 Re8 18. Rhf1 Ne5 19. Bd4 Re7 20. b3 Kb7
21. Kc2 Rae8 22. Ne2 Nd7 23. Bxg7 Rxg7 24. Rf2 Ne5 25. Rf6 Nd7 26. Rf2 Nc5 27.
Nc3 Kc8 28. g5 a6 29. Rdf1 Kd8 30. Rd2+ Rd7 31. Rf7 Re7 32. Rf8+ Re8 33. Rf7 Re7
34. Rf8+ Re8 35. Rf7 1/2-1/2

[Event "24th ch-EUR Indiv w 2024"]
[Site "Rhodes GRE"]
[Date "2024.04.19"]
[Round "1.42"]
[White "Rakhmangulova, Anastasiya"]
[Black "Lomaia, Diana"]
[Result "1-0"]
[WhiteTitle "WGM"]
[BlackTitle "WFM"]
[WhiteElo "2324"]
[BlackElo "2005"]
[WhiteFideId "14117479"]
[BlackFideId "13612476"]
[EventDate "2024.04.19"]

1. e4 c5 2. Nf3 e6 3. d4 cxd4 4. Nxd4 Nc6 5. Nc3 Qc7 6. Be3 a6 7. g4 b5 8. Nxc6
Qxc6 9. Qd2 b4 10. Ne2 Qxe4 11. Rg1 Qc6 12. Bg2 d5 13. O-O-O Bb7 14. f4 Nf6 15.
f5 e5 16. g5 Ne4 17. Bxe4 dxe4 18. f6 Rc8 19. Kb1 Rg8 20. Rgf1 gxf6 21. gxf6 Qc7
22. Rf5 Be7 23. fxe7 Qxe7 24. Bg5 e3 25. Qe1 1-0

[Event "24th ch-EUR Indiv w 2024"]
[Site "Rhodes GRE"]
[Date "2024.04.19"]
[Round "1.43"]
[White "Piddubna, Bozhena"]
[Black "Melia, Salome"]
[Result "1/2-1/2"]
[WhiteTitle "WCM"]
[BlackTitle "IM"]
[WhiteElo "2005"]
[BlackElo "2322"]
[WhiteFideId "34109293"]
[BlackFideId "13602446"]
[EventDate "2024.04.19"]

1. d4 Nf6 2. c4 e6 3. Nf3 d5 4. g3 Bb4+ 5. Bd2 a5 6. Bg2 O-O 7. Qc2 c5 8. cxd5
cxd4 9. Nxd4 Qb6 10. Bxb4 axb4 11. Qd3 exd5 12. Nd2 Nbd7 13. N2b3 Ne5 14. Qb5
Qxb5 15. Nxb5 Nc4 16. O-O Nxb2 17. Rfb1 Nc4 18. Nc5 Na3 19. Nxa3 bxa3 20. Nxb7
Bg4 21. e3 Rfc8 22. Nd6 Rc2 23. e4 dxe4 24. Nxe4 Rd8 25. Rb3 Nxe4 26. Bxe4 Rc4
27. Bf3 Bxf3 28. Rxf3 Ra4 29. Rb1 Ra7 30. Rbb3 Rda8 1/2-1/2

[Event "24th ch-EUR Indiv w 2024"]
[Site "Rhodes GRE"]
[Date "2024.04.19"]
[Round "1.44"]
[White "Radeva, Viktoria"]
[Black "Peglau, Dora"]
[Result "1-0"]
[WhiteTitle "WGM"]
[WhiteElo "2315"]
[BlackElo "2002"]
[WhiteFideId "2915405"]
[BlackFideId "16220005"]
[EventDate "2024.04.19"]

1. e4 c6 2. Nc3 d5 3. Nf3 g6 4. d4 Bg7 5. h3 dxe4 6. Nxe4 Nf6 7. Nxf6+ exf6 8.
Bc4 O-O 9. O-O a5 10. a4 Nd7 11. c3 Nb6 12. Bb3 Nd5 13. Bd2 Re8 14. Re1 Be6 15.
c4 Nb4 16. Bc3 Bh6 17. Nh2 Bf5 18. Rxe8+ Qxe8 19. Ng4 Bg5 20. d5 cxd5 21. cxd5
Kg7 22. Qd4 Qe4 23. Qxe4 Bxe4 24. f4 Bxf4 25. Nxf6 Be3+ 26. Kh1 Bc2 27. Ng4+ Kg8
28. Nf6+ Kg7 29. Bc4 Ba7 30. d6 Nc6 31. Ne8+ Kf8 32. Nc7 Rd8 33. Rf1 Bf5 34. g4
Be4+ 35. Kh2 Rd7 36. Ne6+ Ke8 37. Ng5 f5 38. Nxe4 fxe4 39. Rf6 Bc5 40. Re6+ Kf8
41. Rxe4 Bxd6+ 42. Kg2 Re7 43. Bd5 Rxe4 44. Bxe4 Bc7 45. Bd5 Ke7 46. Kf3 Kd6 47.
Ke4 Bd8 48. Bg8 h5 49. Bf7 hxg4 50. hxg4 g5 51. Kf5 Kc5 52. Bf6 b5 53. axb5 Bxf6
54. Kxf6 Kxb5 55. Be8 Kc5 56. Bxc6 Kxc6 57. Kxg5 Kc5 58. Kf4 Kc4 59. g5 Kb3 60.
g6 Kxb2 61. g7 a4 62. g8=Q a3 63. Qb8+ Ka1 64. Qe5+ Kb1 65. Qd4 1-0